书目信息 |
| 题名: |
图文英语分级阅读
|
|
| 作者: | 彼得斯, 著 ;罗迪拉, 图 ;小火花编译组 译 | |
| 分册: | ||
| 出版信息: | 南昌 江西少年儿童出版社 2005.09 |
|
| 页数: | 256页 | |
| 开本: | 21cm | |
| 丛书名: | ||
| 单 册: | ||
| 中图分类: | H319.4 | |
| 科图分类: | ||
| 主题词: | 英语--ying yu--汉语--对照读物 | |
| 电子资源: | ||
| ISBN: | 7-5391-3124-1 | |
| 000 | 00973nam0 2200241 450 | |
| 001 | 012006978691 | |
| 005 | 20060926101154.65 | |
| 010 | @a7-5391-3124-1@dCNY12.80 | |
| 100 | @a20060728d2005 km y0chiy0120 ea | |
| 101 | 2 | @achi@aeng@ceng |
| 102 | @aCN@b360000 | |
| 105 | @aa z 000yy | |
| 200 | 1 | @a图文英语分级阅读@Atu wen ying yu fen ji yue du@e黄金级@f(澳) 阿里森·彼得斯著@F(ao)a li sen·bi de si zhu@g(澳) 里特娃·罗迪拉图@G(ao)li te wa·luo di la tu@g小火花编译组译@Gxiao huo hua bian yi zu yi |
| 210 | @a南昌@c江西少年儿童出版社@d2005.09 | |
| 215 | @a256页@c图@d21cm | |
| 330 | @a本书包括与迪利共度两小时,冲锋者,界限,满床的小虫,抢劫照,令人发笑的巧克力,可怖的宠物,水龙沃利等故事。 | |
| 606 | 0 | @a英语@Aying yu@x汉语@j对照读物 |
| 690 | @aH319.4@v4 | |
| 701 | 1 | @a彼得斯,@Abi de si,@b阿里森@4著 |
| 702 | 1 | @a罗迪拉,@Aluo di la,@b里特娃@4图 |
| 712 | 02 | @a小火花编译组@Axiao huo hua bian yi zu@4译 |
| 801 | 0 | @aCN@c20060926 |
| 905 | @a10447@dH319.4@eB738 | |
| 图文英语分级阅读:黄金级/(澳) 阿里森·彼得斯著/(澳) 里特娃·罗迪拉图/小火花编译组译.-南昌:江西少年儿童出版社,2005.09 |
| 256页:图;21cm |
| ISBN 7-5391-3124-1:CNY12.80 |
| 本书包括与迪利共度两小时,冲锋者,界限,满床的小虫,抢劫照,令人发笑的巧克力,可怖的宠物,水龙沃利等故事。 |
| ● |
| 相关链接 |
|
|
|
正题名:图文英语分级阅读
索取号:H319.4/B738
 
预约/预借
| 序号 | 登录号 | 条形码 | 馆藏地/架位号 | 状态 | 备注 |
| 1 | 598959 | 205989590 | 语言库209/209语言库 44排2列1层/ [索取号:H319.4/B738] | 在馆 | |
| 2 | 598960 | 205989607 | 语言库209/209语言库 44排2列1层/ [索取号:H319.4/B738] | 在馆 | |
| 3 | 598961 | 205989616 | 语言库209/209语言库 44排2列1层/ [索取号:H319.4/B738] | 在馆 |